000 00262nam a2200109Ia 4500
008 221007s9999 xx 000 0 und d
041 _aeng
100 _aMay-06
_996875
245 _aPC Quest 20 Classic Games
260 _bCyber media Ind. Ltd.
906 _bGeneral
999 _c61328
_d61328